Catálogo
 En Linea

Desde pentecostés hasta Santo Domingo / (Registro nro. 50383)

Detalles MARC
000 -CABECERA
campo de control de longitud fija 01125nam a22002657a 4500
003 - IDENTIFICADOR DEL NÚMERO DE CONTROL
campo de control DO-SdBNP
005 - FECHA Y HORA DE LA ÚLTIMA TRANSACCIÓN
campo de control 20220127141916.0
007 - CAMPO FIJO DE DESCRIPCIÓN FÍSICA--INFORMACIÓN GENERAL
campo de control de longitud fija ta
008 - DATOS DE LONGITUD FIJA--INFORMACIÓN GENERAL
campo de control de longitud fija 210902b2017 dr ||||| |||| 00| 0 spa d
020 ## - NÚMERO INTERNACIONAL ESTÁNDAR DEL LIBRO
Número Internacional Estándar del Libro 9789945909685
040 ## - FUENTE DE LA CATALOGACIÓN
Centro catalogador/agencia de origen DO-SdBNP
Lengua de catalogación spa
Centro/agencia transcriptor BNPHU
100 1# - ENTRADA PRINCIPAL--NOMBRE DE PERSONA
Nombre de persona Cabral, Porfirio
Fechas asociadas al nombre 1955-
9 (RLIN) 79712
245 10 - MENCIÓN DE TÍTULO
Título Desde pentecostés hasta Santo Domingo /
Mención de responsabilidad, etc. Porfirio Cabral ; actualización y ampliación, Francisco Pablo Fortuna.
246 10 - FORMA VARIANTE DE TÍTULO
Título propio/Titulo breve Desde pentecostés hasta Santo Domingo :
Resto del título Breve historia del origen de la Iglesia Pentecostal en la República Dominicana.
250 ## - MENCIÓN DE EDICIÓN
Mención de edición 2da. ed. ampliada
260 ## - PUBLICACIÓN, DISTRIBUCIÓN, ETC.
Lugar de publicación, distribución, etc. Santo Domingo :
Nombre del editor, distribuidor, etc. Publicaciones Libertad,
Fecha de publicación, distribución, etc. 2017.
300 ## - DESCRIPCIÓN FÍSICA
Extensión 164 p. ;
Dimensiones 21 cm.
500 ## - NOTA GENERAL
Nota general Incluye datos biográficos del autor.
500 ## - NOTA GENERAL
Nota general “Esta obra presenta un análisis exahustivo de lo que ha sido la Iglesia Pentecostal en la República Dominicana, desde sus inicios hasta la primera decada del siglo XXI”
504 ## - NOTA DE BIBLIOGRAFÍA, ETC.
Nota de bibliografía, etc. Bibliografía : p. 164
590 ## - NOTA LOCAL (RLIN)
Nota local Inventariado, 2021 /LP<br/><br/>
700 1# - PUNTO DE ACCESO ADICIONAL--NOMBRE DE PERSONA
Nombre de persona Fortuna, Francisco Pablo,
Fechas asociadas al nombre 1967-
9 (RLIN) 79713
910 ## - DATOS DE OPCIÓN DEL USUARIO (OCLC)
Datos de opción del usuario Lopérez
942 ## - ELEMENTOS DE PUNTO DE ACCESO ADICIONAL (KOHA)
Fuente del sistema de clasificación o colocación Dewey Decimal Classification
Tipo de ítem Koha Libro
Existencias
Estado de retiro Estado de pérdida Fuente del sistema de clasificación o colocación No para préstamo Código de colección Localización permanente Ubicación/localización actual Ubicación en estantería Fecha de adquisición Fuente de adquisición Total de préstamos Código de barras Fecha visto por última vez Precio válido a partir de Tipo de ítem Koha Número de copia
    Dewey Decimal Classification Excluido de préstamo Patrimonio Dominicano Biblioteca Nacional Pedro Henríquez Ureña Biblioteca Nacional Pedro Henríquez Ureña Depósito 02.09.2021 Publicaciones Libertad   2021-26009 02.09.2021 02.09.2021 Libro y Folleto Colección Patrimonio Dominicano  
    Dewey Decimal Classification Excluido de préstamo Dominicana de Servicio Biblioteca Nacional Pedro Henríquez Ureña Biblioteca Nacional Pedro Henríquez Ureña Depósito 02.09.2021 Publicaciones Libertad   2021-26010 02.09.2021 02.09.2021 Libro y Folleto Colección Dominicana de Servicio e.2
    Dewey Decimal Classification Préstamo en sala Dominicana de Servicio Biblioteca Nacional Pedro Henríquez Ureña Biblioteca Nacional Pedro Henríquez Ureña Depósito 02.09.2021 Publicaciones Libertad   2021-26011 02.09.2021 02.09.2021 Libro y Folleto Colección Dominicana de Servicio e.3

Con tecnología Koha